Porovnanie variantov zásobovania teplom a energetická certifikácia bytového domu

Uložené v:
Podrobná bibliografia
Hlavný autor: Fogáš, Andrej (Autor)
Ďalší autori: Krajčík, Michal (Vedúci práce)
Médium: Rukopis Kniha
Jazyk:Slovak
Vydavateľské údaje: 2017
Predmet:
On-line prístup:http://is.stuba.sk/zp/portal_zp.pl?podrobnosti=125433
https://opac.crzp.sk/?fn=detailBiblioForm&sid=E7FF18FD4FFD5019DFFBEB3CC38C
Tagy: Pridať tag
Žiadne tagy, Buďte prvý, kto otaguje tento záznam!

MARC

LEADER 00000ntm a22000003a 4500
001 stuzp63150
003 SK-STU
005 20230810113949.4
007 ta
008 150427s2015----xo-----f-mn---000-0-slo-d
040 |a STU  |b slo 
041 0 |a slo 
100 1 |a Fogáš, Andrej  |u 010290  |4 aut  |U SvF Stavebná fakulta  |T SvF Katedra technických zariadení budov  |X 81379  |U V290  |Y 31  |7 81379 
242 0 1 |a Comparison of variants of heat supply and energy certification of residential building  |y eng 
245 1 0 |a Porovnanie variantov zásobovania teplom a energetická certifikácia bytového domu 
260 |c 2017 
650 4 |a Energetický certifikát  |2 slo 
650 4 |a ekonomické hodnotenie  |2 slo 
650 4 |a variant  |2 slo 
650 4 |a economic rating  |2 eng 
650 4 |a energetic ceritificate  |2 eng 
650 4 |a variant  |2 eng 
700 1 |a Krajčík, Michal  |u 010290  |k Z1  |4 ths  |U SvF Stavebná fakulta  |T SvF Katedra technických zariadení budov  |X 20318  |U V290  |Y 31  |7 A000020318 
856 4 |u http://is.stuba.sk/zp/portal_zp.pl?podrobnosti=125433 
856 4 |u https://opac.crzp.sk/?fn=detailBiblioForm&sid=E7FF18FD4FFD5019DFFBEB3CC38C